| 000 | 00755nam a22002295i 4500 | ||
|---|---|---|---|
| 001 | 170883 | ||
| 003 | ES-MaACL | ||
| 005 | 20250704062530.0 | ||
| 007 | t| | ||
| 008 | 090414s1883 fr ||||1| fre d | ||
| 080 | _a821.133.1-2"18" | ||
| 100 | 1 |
_aDumas, Alexandre, _d1802-1870 _eaut _9241135 |
|
| 245 | 1 | 0 |
_aKean ou Désordre et génie _b: comédie en trois actes / _cAlexandre Dumas. |
| 246 | 1 | 0 | _aDésordre et génie |
| 260 |
_aParis : _bCalmann-Lévy, _c[1883?] |
||
| 300 |
_ap.[101]-212 ; _c19 cm. |
||
| 490 | 1 | _aThéâtre complet d'Alex. Dumas | |
| 830 | 0 |
_aThéâtre complet d'Alex. Dumas _9188983 |
|
| 852 | 4 |
_aES-MaACL _jE-12566 _9R.140158 _z. - Biblioteca Jacinto Martínez Lacalle |
|
| 942 | _2udc | ||
| 999 |
_c170883 _d170883 |
||